| 000 | 00736nam a22002417a 4500 | ||
|---|---|---|---|
| 003 | OSt | ||
| 005 | 20250908152252.0 | ||
| 008 | 250908t2010 sp a||||r|||| 00| f spa d | ||
| 020 | _a978-84-9740353-5 | ||
| 040 | _cBesoc | ||
| 080 | _082-311.8(410) | ||
| 100 | 1 |
_aConrad, Joseph, _d1857-1924 _eautor |
|
| 245 | 1 | 3 |
_aEl corazón de las tinieblas / _cJoseph Conrad ; edición y traducción de Mercedes Rosúa Delgado. |
| 250 | _a1a ed. | ||
| 260 |
_aMadrid : _bEditorial Castalia, _c2010. |
||
| 300 |
_a189 p. : _bil byn ; _c19 cm. |
||
| 490 | 0 |
_aCastalia Prima _v63 |
|
| 504 | _aBibliografía comentada. | ||
| 650 | 4 |
_aLiteratura inlgesa _ySiglo XIX |
|
| 650 | 4 | _aNovela de viajes | |
| 700 | 1 | _aRosúa, Mercedes. | |
| 942 |
_2udc _cLPD _n0 |
||
| 999 |
_c579 _d579 |
||